LEADER 01005nam a2200265 i 4500 001 000000132897 003 CaOOAMICUS 005 20190417173618.0 008 050131s2002 it u000 u ita u 013 $a105914 020 $a88-420-6777-6 040 $aSeMil$bita 100 1 $aRomano, Bruno.$0(OLS)http://semarc/name/51897 245 10$aFilosofia del diritto /$cBruno Romano. 260 $aBari :$bLaterza,$c2002. 300 $aXII, 220 p. ;$c21 cm. 490 1 $aIstituzioni di diritto 650 4$aFilosofia del diritto.$0(OLS)http://semarc/subject/2001 830 0$aIstituzioni di diritto [Laterza].$0(OLS)http://semarc/title/422877 850 $aSeMil 852 $aSeMil$W1$xVenegono$y1$m2P VII 418$j214048$B86786$CSeMilBibl$Z2$F90579 $81 996 $6020$a88-420-6777-6$9(OLS)http://semarc/number/120014 996 $6245$aFilosofia del diritto$9(OLS)http://semarc/title/18874 996 $6260$aBari :$bLaterza$9(OLS)http://semarc/publisher/29858 LEADER 01545nam a2200277 i 4500 001 000000059554 003 CaOOAMICUS 005 19980213000000.0 008 980213s1997 it u000 u ita u 013 $a30726 020 $a88-900138-9-3 040 $aSeMil$bita 245 10$aGeronimo Seripando e la Chiesa del suo tempo :$bnel 5. centenario della nascita : atti del convegno di Salerno, 14-16 ottobre 1994 /$ca cura di Antonio Cestaro. 260 $aRoma :$bEdizioni di Storia e Letteratura,$c1997. 300 $a628 p. ;$c26 cm. 490 0 $aThesaurus Ecclesiarum Italiae : recentioris Aevi (secoli 18.-20.). [sez.] 12. : Campania e Basilicata ;$v8. 600 14$aSeripando, Girolamo .$0(OLS)http://semarc/subject/3467 650 4$aSalerno (Diocesi).$0(OLS)http://semarc/subject/11945 700 1 $aCestaro, Antonio <1927-2017>.$0(OLS)http://semarc/name/90062 830 0$aThesaurus Ecclesiarum Italiae : recentioris Aevi (secoli 18.-20.). [sez.] 12. : Campania e Basilicata ;$v8.$0(OLS)http://semarc/title/6040 850 $aSeMil 852 $aSeMil$W1$xVenegono$y1$m3A V 206$j25707$B25707$CSeMilBibl$Z2$F25710 $81 961 $aAcquisto: Distributore 996 $6020$a88-900138-9-3$9(OLS)http://semarc/number/35475 996 $6245$aGeronimo Seripando e la Chiesa del suo tempo :$bnel 5. centenario della nascita : atti del convegno di Salerno, 14-16 ottobre 1994$9(OLS)http://semarc/title/93074 996 $6260$aRoma :$bEdizioni di Storia e Letteratura$9(OLS)http://semarc/publisher/29779